Datum a čas kvízu
43
Celkem bodů
Celkový počet nahraných bodů na tomto kvízu bez doplňovacích otázek.
3.
Pořadí na kvízu
Konečné umístění týmu na tomto kvízu.
Zaznamenané odpovědi
| # | Otázka | Odpověď | Body | Výsledky |
|---|---|---|---|---|
| 1. | Ve čtvrtek 23. 4. si Česko při... | bez spěchu | 1 | |
| 2. | Minulé úterý parlament schváli... | ve Velké Británii | 1 | |
| 3. | Jako recesi se senátor Lumír A... | Karla Gotta | 1 | |
| 4. | Který unikátní předmět z Titan... | záchranná vesta | 0 | |
| 5. | Ve středu bylo zahájeno mistro... | Bratislava; Trenčín | 1 | |
| 6. | Vědci v minulosti několikrát t... | D) | 0 | |
| 7. | Světová zdravotnická organizac... | o Gruzii | 1 | |
| 8. | V červenci 2025 Senát schválil... | 3 (2 a 4 za půl bodu) | 1 | |
| 9. | Na které z fotografií se nachá... | A) | 1 | |
| 10. | Velení wehrmachtu si před začá... | pervitin | 1 |